000 00517nam a22001817a 4500
003 CEME
005 20210628204104.0
008 210125b xxu||||| |||| 00| 0 eng d
020 _a0-8493-1333-3
040 _c.
082 _a621.3827 HAN
100 _aMohammad Ilyas:Mouftah, Hussein. T
_968679
245 _aThe handbook of optical communication networks
260 _aNEW YORK
_bCRC PRESS
_c2003
300 _a470P
650 _aOPTICAL COMMUNICATION.OPTICAL COMMUNICATION NETWORKS
_968680
942 _cBK
_2ddc
999 _c576182
_d576182